| 000 | 00581nam a22002297a 4500 | ||
|---|---|---|---|
| 001 | 46813 | ||
| 003 | UA-OsUOA | ||
| 005 | 20211018210604.0 | ||
| 007 | ta | ||
| 008 | 20070706b un ||||| |||| 00| 0 ukr d | ||
| 040 |
_aUA-OsUOA _brus _cUA-OsUOA _dUA-OsUOA |
||
| 041 | _arus | ||
| 080 | _a73(470+571):929 | ||
| 090 |
_a73(470+571):929 _bБ95 |
||
| 100 | _aБычков Ю. | ||
| 245 | _aКоненков | ||
| 260 |
_aМ. _bМолодая гвардия _c1985 |
||
| 300 | _a315 с. | ||
| 650 | 7 |
_a73 Пластичні мистецтва _2UDC |
|
| 942 |
_cBK _2udc |
||
| 955 | _a4 | ||
| 999 |
_c332910 _d332910 |
||